000 01601nam a2200229 a 4500
001 BS0002977
003 BR-BrBNA
005 20230418192202.0
008 230308b |||||||| |||| 00| 0 por d
040 _aBR-BrBNA
_bpor
_cBiblioteca Nacional de Agricultura
041 _apor
072 _aE11
090 _aE11 BS0002977
100 1 _aRibeiro, Lair
245 1 _aInteligência Aplicada /
260 3 _aSão Paulo, SP:
_bArx,
_c2002.
300 _a240 p.
520 3 _aO mundo está cada vez mais competitivo. Algumas pessoas exibem um potencial aparentemente superior ao as demais e isso as torna mais bem-sucedidas, tanto pessoal quanto profissionalmente. O que essas pessoas têm mais do que você? Nem todo sucesso teve o respaldo de um berço de ouro, mas, sem dúvida alguma, todos tiveram o da inteligência, o da educação. Educação é o que resta depois que alguém se esqueceu de tudo o que aprendeu. E o que resta depois do -esquecimento? Restam modelos mentais. Boas idéias sem modelos mentais compatíveis não têm grande impacto na vida de uma pessoa. O cemitério está cheio de boas idéias que foram levadas para o túmulo porque quem as teve não dispunha de modelos mentais adequados para implementá-las. Inteligência aplicada foi construído para permitir que você aumente o uso pragmático da sua inteligência e, conseqüentemente, possa alavancar positivamente a sua vida, tanto no aspecto pessoal quanto no profissional. A decisão de ser mais inteligente só depende de você!
650 _aAUTO AJUDA
909 _a202304
_bSergio Santos
_c56
_dSergio Santos
942 _cBK
999 _c8038
_d8038